LEADER 00645nam a2200193 i 4500 001 000000247018 003 CaOOAMICUS 005 20151209000000.0 008 151209s1834 it u000 u ita u 013 $a225923 040 $aSeMil$bita 245 10$aVol. 1. Parte 2. 300 $aP. 389-764. 773 0 $aButler, Alban <1710-1773>$tFlorilegio di vite de' santi.$dMonza : Tipografia Corbetta, 1834-1835.$g1$w()32888 850 $aSeMil 852 $aSeMil$W1$xVenegono$y1$m3H II 6 FA$j197364$B197364$CSeMilBibl$Z2$F208475 $8I 941 1 $a10 961 $aRecupero: Mantegazza 996 $6245$aVol. 1. Parte 2$9(OLS)http://semarc/title/311128 LEADER 01172nam a2200253 i 4500 001 000000124330 003 CaOOAMICUS 005 20040319000000.0 008 040319s1990 it u000 u ita u 013 $a97027 040 $aSeMil$bita 100 1 $aCollarini, Mario,$c.$0(OLS)http://semarc/name/51650 245 12$aL'Italia pellegrina ad Assisi :$b50 anni di incontri con San Francesco Patrono d'Italia (1939-1989) 260 $aGorle :$bVelar,$cstampa 1990. 300 $a279 p. :$briccamente ill. ;$c28 cm. 500 $aA pič del front. : Cassa di Risparmio di Perugia. - Fondo Card. C.M. Martini. 650 4$aAssisi - Incontri regionali.$0(OLS)http://semarc/subject/23946 700 1 $aGiandomenico, Nicola .$0(OLS)http://semarc/name/51651 850 $aSeMil 852 $aSeMil$W1$xVenegono$y1$m5L IX 70$j78929$B78929$CSeMilBibl$Z2$F81096 $81 941 1 $a4 961 $aOmaggio: Martini Card. Carlo Maria 996 $6245$aL'Italia pellegrina ad Assisi :$b50 anni di incontri con San Francesco Patrono d'Italia (1939-1989)$9(OLS)http://semarc/title/182972 996 $6260$aGorle :$bVelar$9(OLS)http://semarc/publisher/33489